Geography General Knowledge #13 - Statistics

General Stats
  • This quiz has been taken 68,467 times
  • The average score is 13 of 20
Answer Stats
Question Answer % Correct
What are the two most populous urban areas in North America? New York
95%
What is the only country in the world whose name starts with Y? Yemen
95%
Name a country, other than Guinea, which has the word "Guinea" in its name. Equatorial Guinea | Guinea-Bissau | Papua New Guinea
92%
What city completely surrounds Vatican City? Rome
92%
What is the only country in the world that is home to wild lions AND wild tigers? India
82%
What "T" word refers to vast, treeless plain with permafrost? Tundra
76%
Name one of Canada's "Atlantic Provinces". New Brunswick | Newfoundland and Labrador | Nova Scotia | Prince Edward Island
72%
What are the two most populous urban areas in North America? Mexico City
71%
What is the northernmost capital city in Africa? Tunis
70%
In what country is the Serengeti located? Tanzania
66%
What is the highest possible longitude, in degrees? 180
63%
Among major U.S. cities, which one has the highest all-timerecorded temperature? (50°C, 122° F) Phoenix
52%
What religion is symbolized by this emoji? Shinto
52%
What is the Spanish term for a town square? Plaza
49%
What river forms the eastern border of the West Bank? River Jordan
49%
What commonly-used map projection makes Greenland appear to be approximately the same size as Africa? Mercator Projection
47%
What city is sometimes called "The Paris of the Pampas"? Buenos Aires
44%
In Russia, it's a Duma. In Israel, it's a Knesset. What is it in Great Britain? Parliament
43%
What river does the Three Gorges Dam dam? Yangtze
40%
What are siroccos, chinooks, and mistrals? Winds
35%
No matching quizzes found
Score Distribution
Percent of People with Each Score
Percentile by Number Answered
Your Score History
You have not taken this quiz